|
|
|
|
| LEADER |
00000cam a2200000 a 4500 |
| 001 |
vtls008323433 |
| 003 |
SK-MaSNL |
| 005 |
20260426014647.0 |
| 008 |
180814s1974 xo 010 0 slo |
| 015 |
|
|
|a SNBA1974/01-00333
|
| 035 |
|
|
|a SK01SNK19740015650
|
| 035 |
|
|
|a SKM000018113
|
| 040 |
|
|
|a SNK
|b slo
|c SNK
|e AACR2
|
| 041 |
0 |
|
|a slo
|
| 044 |
|
|
|a xo
|c SK
|
| 080 |
|
|
|a 792(437.6)"1944/1974"
|2 1981
|
| 100 |
1 |
|
|a Galanda, Igor,
|d 1929-1990
|4 com
|9 106410
|
| 245 |
1 |
0 |
|a Divadlo SNP
|b 30 rokov : 1944-1974
|c zostavil Igor Galanda
|
| 260 |
|
|
|a Martin
|b Osveta
|c 1974
|e Martin
|f Tlačiarne SNP - Neografia
|
| 300 |
|
|
|a 105, [3] s.
|c 23 cm
|
| 366 |
|
|
|e 2500 výtl. Nepredajné
|
| 500 |
|
|
|a Vydala Osveta pre Divadlo SNP v Martine
|
| 610 |
2 |
7 |
|a Divadlo Slovenského národného povstania
|2 SNKKA
|9 232430
|
| 648 |
|
7 |
|a 1944-1974
|2 SNKPH
|9 432252
|
| 650 |
0 |
7 |
|a divadlá
|2 SNKPH
|9 29113
|
| 651 |
|
7 |
|a Martin (Slovensko)
|2 SNKPHgeo
|9 16875
|
| 655 |
|
7 |
|a jubilejné publikácie
|2 SNKPH
|9 70339
|
| 700 |
1 |
|
|a Barák, Jaroslav,
|d 1926-2016
|4 pht
|9 199543
|
| 710 |
2 |
|
|a Divadlo Slovenského národného povstania
|4 pbl
|9 232430
|
| 852 |
|
|
|a Slovenská národná knižnica
|
| 958 |
|
|
|a OND
|
| 958 |
|
|
|a TL
|
| 958 |
|
|
|a RK
|
| 999 |
|
|
|c 1164559
|d 1166489
|
| 952 |
|
|
|a SNK
|b SNK
|y PREZ
|7 0
|p 17A0927893
|o snkSC 32787
|i snkKSP 884/74
|0 0
|1 0
|4 0
|d 2012-06-26
|l 0
|r 2025-09-30 00:00:00
|w 2026-02-24
|
| 952 |
|
|
|a SNK
|b SNK
|y VYP
|7 0
|p 17A0188228
|o snkSC 32787 D1
|0 0
|1 0
|4 0
|d 2012-06-26
|l 0
|r 2026-02-24 20:44:59
|w 2026-02-24
|